00413 2200169 4500001002100000008004100021035002000062245003200082100002000114260002700134300001200161020001800173084001400191082000800205650001200213990001800225INLIS000000000000980 ind  a0010-0724000980 aLingkungancRahayu wardani, aRahayu wardani, aSurabaya :bSIC,c2008 a28 hlm. a979-9925-14-2 a577 RAH L a577 aEkologi aP29/CP/24/980